LIBRARY & INFORMATION CENTRE, KCAET, TAVANUR

ONLINE PUBLIC ACCESS CATALOGUE (OPAC)

Sasyasamrakshanam / (Record no. 10857)

MARC details
000 -LEADER
fixed length control field 00714cam a2200301ua 4500
041 ## - LANGUAGE CODE
Language code of text/sound track or separate title mal
082 ## - DEWEY DECIMAL CLASSIFICATION NUMBER
Classification number 632
Item number JOS/SA
100 ## - MAIN ENTRY--AUTHOR NAME
Personal name Joseph, A K .
245 ## - TITLE STATEMENT
Title Sasyasamrakshanam /
250 ## - EDITION STATEMENT
Edition statement 1 /
260 ## - PUBLICATION, DISTRIBUTION, ETC. (IMPRINT)
Place of publication Thiruvananthapuram :
Name of publisher State Instititute of Languages ,
Year of publication 1970.
300 ## - PHYSICAL DESCRIPTION
Number of Pages 190 ; .
942 ## - ADDED ENTRY ELEMENTS (KOHA)
Koha item type Books
Holdings
Withdrawn status Lost status Damaged status Home library Current library Date acquired Full call number Accession Number Koha item type
      KAUAET KAUAET 07/04/2012 632 13858 Books
      KAUAET KAUAET 07/04/2012 632 13852 Books
      KAUAET KAUAET 07/04/2012 632 13853 Books
      KAUAET KAUAET 07/04/2012 632 13968 Books
      KAUAET KAUAET 07/04/2012 632 13661 Books
      KAUAET KAUAET 07/04/2012 632 13860 Books
      KAUAET KAUAET 07/04/2012 632 13857 Books
      KAUAET KAUAET 07/04/2012 632 13856 Books
      KAUAET KAUAET 07/04/2012 632 13854 Books
      KAUAET KAUAET 07/04/2012 632 13855 Books
      KAUAET KAUAET 07/04/2012 632 13851 Books
Withdrawn     KAUAET KAUAET 16/11/2023 632 JOS/SA 13662 Books
free website counter